Statistieken voor Willekeurige Oceanische Vlag naar Land

Klik hier om de quiz te nemen!

Algemene statistieken

  • Deze quiz is 296 keer genomen
  • De gemiddelde score is 4 van 6

Antwoordstatistieken

Antwoord% Correct
Nieuw-Zeeland
96%
Papoea-Nieuw-Guinea
95%
Fiji
92%
Tonga
90%
Australië
88%
Palau
87%
Nauru
77%
Kiribati
76%
Marshalleilanden
72%
Micronesia
66%
Samoa
65%
Tuvalu
63%
Salomonseilanden
55%
Vanuatu
54%

Scoreverdeling

Percentiel versus Aantal Correcte Antwoorden

Procent van Mensen met Elke Score

Uw Scoregeschiedenis

U heeft deze quiz nog niet genomen